|
|
|
|
| LEADER |
00917nam a2200229 i 4500 |
| 001 |
GR-MES8570 |
| 003 |
GR-PaULI |
| 005 |
20240718095631.0 |
| 008 |
020905t1992 it a g 000 0 gre d |
| 020 |
|
|
|a 9251002797
|
| 040 |
|
|
|a GrPaTEI
|b gre
|c GR-PaULI
|e AACR2
|
| 082 |
0 |
4 |
|2 23
|a 631.7
|
| 245 |
0 |
0 |
|a Crop water requirements /
|c J.Doorenbos, ... [και ά.]
|
| 260 |
|
|
|a Rome :
|b FAO,
|c 1992.
|
| 300 |
|
|
|a 144 σ. :
|b εικ. ;
|c 30 εκ.
|
| 490 |
0 |
|
|a FAO irrigation and drainage paper ;
|v 24
|
| 650 |
|
4 |
|a Άρδευση
|9 28813
|
| 700 |
1 |
|
|a Doorenbos, J.
|9 204954
|e συγγραφέας.
|
| 942 |
|
|
|2 ddc
|c BK
|
| 952 |
|
|
|0 0
|1 0
|2 ddc
|4 0
|6 631_700000000000000_CRO
|7 0
|9 278904
|a MSLG
|b MSLG
|c BSC
|d 2021-01-17
|e 24
|f 0
|g 0.00
|i 18700
|l 0
|o 631.7 CRO
|p 2420000018700
|r 2021-01-17 00:00:00
|t 1
|v 2021.00
|w 2021-01-17
|y BK15
|x Μεταφορά από Αμαλιάδα (18/10/22)
|x GrPaTEI
|
| 998 |
|
|
|c ΒΑΣΙΛΕΙΟΥ
|d 2024-07
|
| 999 |
|
|
|c 162435
|d 162435
|